Sustainable solutions : developing products and services for the future (Record no. 9548)

000 -LEADER
fixed length control field 00422nam a2200145 4500
003 - CONTROL NUMBER IDENTIFIER
control field OSt
005 - DATE AND TIME OF LATEST TRANSACTION
control field 20210702142912.0
008 - FIXED-LENGTH DATA ELEMENTS--GENERAL INFORMATION
fixed length control field 210702b ||||| |||| 00| 0 eng d
020 ## - INTERNATIONAL STANDARD BOOK NUMBER
International Standard Book Number 9781874719366
082 ## - DEWEY DECIMAL CLASSIFICATION NUMBER
Classification number 658.575
Item number CHA
100 ## - MAIN ENTRY--PERSONAL NAME
Personal name Charter, Martin; Tischner, Ursula; ebrary, Inc
245 ## - TITLE STATEMENT
Title Sustainable solutions : developing products and services for the future
260 ## - PUBLICATION, DISTRIBUTION, ETC. (IMPRINT)
Place of publication, distribution, etc London
Name of publisher, distributor, etc Routledge
Date of publication, distribution, etc 2017
942 ## - ADDED ENTRY ELEMENTS (KOHA)
Source of classification or shelving scheme
Holdings
Withdrawn status Lost status Source of classification or shelving scheme Damaged status Koha normalized classification for sorting Not for loan Permanent location Current location Date acquired Full call number Barcode Date last seen Price effective from Koha item type
        658_575000000000000_CHA   BMS College of Architecture, Design and Planning BMS College of Architecture, Design and Planning 2021-07-02 658.575 CHA AR-PG442 2021-07-02 2021-07-02 PG Books
Copyright © 2025, The Librarian, Library and Information Centre, BMSCA D&P, Bengaluru. All Rights Reserved
web counter

Powered by Koha